000 00288nam a22001337a 4500
008 180208b xxu||||| |||| 00| 0 eng d
020 _a0080287816
041 _aeng
080 _a91
100 _a42
101 _aGJEO
245 _aGeography&population
_cClarke,J.I
942 _2udc
_cBK
999 _c42119
_d42119